Animal commençant par la lettre G - Statistiques

Statistiques générales
  • Ce quiz a été pris 153 fois
  • Le résultat moyen est 6 sur 12
Statistiques - réponses
Type de quiz Animal % Correct
Mammifère Girafe
89%
Amphibien Grenouille
77%
Mammifère Gorille
66%
Oiseau Goéland
60%
Mammifère Guépard
57%
Insecte Guêpe
51%
Mammifère Gnou
44%
Mammifère / rongeur Gerbille
37%
Mammifère Gazelle
28%
Insecte Grillon
23%
Mammifère Grizzli / Grizzly
20%
Insecte Goliath
1%
Aucun quiz correspondant
Distribution des résultats
% des personnes avec chaque résultat
Percentile par nombre de réponses
Votre historique - résultats
Vous n’avez pas pris ce quiz